000 00421nam a22001697a 4500
005 20180802150846.0
008 160517b xxu||||| |||| 00| 0 eng d
020 _a978-0-07-068213-9
041 _aeng
082 _b2556
_a658.3
100 _aK. Aswathappa
_9572
245 _aHuman Resource Management
260 _aNew Delhi
_bTata McGraw Hill Ltd.
_c2011
300 _a804p,
650 _aManagement
_9241
942 _cBK
999 _c938
_d938